| 000 | 00421cam a2200181ua 4500 | ||
|---|---|---|---|
| 020 | _c3.00 | ||
| 041 |
_ahin _h |
||
| 082 |
_a891.54 _bUPE/BA |
||
| 100 | _aUpendra Nath, Ashk . | ||
| 245 |
_aBangen ka pauda / _cUpendra Nath Ashk. _hTextual Documents |
||
| 250 |
_a1 / _b. |
||
| 260 |
_a : _bNeelab Prakashan Gruh. |
||
| 300 | _a178 ; . | ||
| 365 | _a3.00 | ||
| 504 | _a | ||
| 942 | _cBK | ||
| 999 |
_c6377 _d6377 |
||